000 00574nam a2200205 4500
003 OSt
005 20260422050043.0
006 a
008 240611b |||||||| |||| 00| 0 eng d
020 _a139780526496300
040 _aDWCL-Main lib.
_cOC
082 _aCirc. 300.723 G475s 2008
100 _aGillham, Bill
245 _aSmall - scale social survey methods /
260 _aLondon :
_bContinuum Int’l Pub.,
_cc2008..
300 _aix,
_b111 p. ;
_c21 cm.
650 _a1. Social Surveys - Methodology.
700 _aBill Gillham
942 _2ddc
_n0
_cBK-CIRC
_kCirc.
999 _c563
_d563